LEADER 01081nam a2200253 i 4500 001 000000147606 003 CaOOAMICUS 005 20180514000000.0 008 180514s1820 xx u000 u fre u 013 $a124842 026 $as.ne stla s.ns aygn (3) 1820 (R) 040 $aSeMil$bita 100 1 $aPlayfair, William <1759-1823>.$0(OLS)http://semarc/name/93525 240 10$aFrance as it is, not Lady Morgan's France.$0(OLS)http://semarc/title/408693 245 13$aLa France telle qu'elle est, et non la France de Lady Morgan /$cpar William Playfair. 260 $aParis :$bH. Nicolle,$c1820. 300 $a[4], viii, 470 [i.e. 466] p. ;$c8°. 650 4$aFrancia - Storia - 1799-1814.$0(OLS)http://semarc/subject/44629 850 $aSeMil 852 $aSeMil$W1$xVenegono$y1$m3V VII 245 FA$j100148$B100148$CSeMilBibl$Z2$F108703 $8I 941 1 $a10 961 $aRecupero: Mantegazza 996 $6245$aLa France telle qu'elle est, et non la France de Lady Morgan$9(OLS)http://semarc/title/408692 996 $6260$aParis :$bH. Nicolle$9(OLS)http://semarc/publisher/54626 LEADER 01348nam a2200289 4500 001 000000362148 003 CaOOAMICUS 005 20250318112636.0 008 250317s2004 it 000 u ita r 020 $a88-348-4350-9 040 $aSeMil$bita 100 1 $aVecchioli, Laura.$0(OLS)http://semarc/name/121703 245 13$aIl rischio della sovranità globale :$briflessioni a partire da Ulrich Beck /$cLaura Vecchioli. 264 1$aTorino :$bGiappichelli,$c2004. 300 $a227 p. ;$c22 cm 490 1 $a Teorie del diritto e della politica ;$v3 600 14$aBeck, Ulrich <1944-2015>.$0(OLS)http://semarc/subject/57310 650 4$aEconomia e diritto.$0(OLS)http://semarc/subject/57309 650 4$aEconomia mondiale - Aspetti socio-culturali.$0(OLS)http://semarc/subject/15772 830 0$aTeorie del diritto e della politica ;$v3.$0(OLS)http://semarc/title/453027 850 $aSeMil 852 $aSeMil$W1$xVenegono$y1$m2G III 27$j255277$B253087$CSeMilBibl$Z2$F253087 $81 961 $aBuzzi mons. Franco - Omaggio 996 $6020$a88-348-4350-9$9(OLS)http://semarc/number/302777 996 $6245$aIl rischio della sovranità globale :$briflessioni a partire da Ulrich Beck$9(OLS)http://semarc/title/453024 996 $6264$aTorino :$bGiappichelli$9(OLS)http://semarc/publisher/31793